LEADER 01117nam0 2200301 450 001 000026924 005 20091214144748.0 010 $a978-1-4200-8904-2 100 $a20091214d2009----km-y0itay50------ba 101 0 $aeng 102 $aUS 105 $ay-------001yy 200 1 $aComputational partial differential equations using Matlab$fJichun Li, Yi-Tung Chen 210 $aBoca Raton$cCRC Press$d2009 215 $aXIII, 364 p.$cill.$d25 cm$eCD 225 2 $aChapman & Hall/CRC applied mathematics and nonlinear science 410 0$12001$aChapman & Hall/CRC applied mathematics and nonlinear science 500 10$aComputational partial differential equations using Matlab$942353 610 1 $aEquazioni differenziali parziali$aSoluzioni numeriche 610 1 $aMatlab 676 $a518.64$v21$9Analisi numerica 700 1$aLi,$bJichun$0472305 701 1$aChen,$bYi-Tung$0633726 801 0$aIT$bUNIPARTHENOPE$c20091214$gRICA$2UNIMARC 912 $a000026924 951 $aDSA 518-C/1$b3829$cDSA$d2009 996 $aComputational partial differential equations using Matlab$942353 997 $aUNIPARTHENOPE